[Event "51st Saaremaa Cup"]
[Site "Kuressaare"]
[Date "2022.06.06"]
[Round "1"]
[White "Volodin, Aleksandr"]
[Black "Rychagov, Nikita"]
[Result "1-0"]
[WhiteElo "2459"]
[BlackElo "2058"]
[EventDate "2022.06.06"]

1.d4 d5 2.c4 e6 3.Nf3 Nf6 4.g3 dxc4 5.Bg2 c5 6.O-O Nc6 7.Qa4 Bd7 8.dxc5 
Na5 9.Qc2 Bxc5 10.Ne5 O-O 11.Rd1 h6 12.Nc3 Qe7 13.Nxd7 Nxd7 14.Qa4 Nc6 15.
Qxc4 Nde5 16.Qa4 Rfd8 17.Bf4 f5 18.Bxe5 Nxe5 19.Qb5 a6 20.Qxb7 Bxf2+ 21.
Kxf2 Qc5+ 22.Ke1 Rdb8 23.Qxa8 Rxa8 24.Bxa8 Nc4 25.Bg2 Qg1+ 26.Bf1 Qxh2 27.
Rd3 Nxb2 28.Rf3 g5 29.Nd1 g4 30.Rb3 Nc4 31.Rc1 Nd6 32.Rc7 Nb5 33.Rd7 f4 
34.a4 f3 35.axb5 Qxg3+ 36.Nf2 axb5 37.Rc3 Qb8 38.Nxg4 fxe2 39.Nf6+ Kf8 40.
Rcc7 exf1=Q+ 41.Kxf1 Qa8 42.Rf7# 1-0

[Event "51st Saaremaa Cup"]
[Site "Kuressaare"]
[Date "2022.06.06"]
[Round "1"]
[White "Sadekov, Maksim"]
[Black "Kanep, Meelis"]
[Result "0-1"]
[WhiteElo "1993"]
[BlackElo "2424"]
[EventDate "2022.06.06"]

1.d4 d5 2.c4 dxc4 3.e3 e5 4.Bxc4 exd4 5.exd4 Nf6 6.Nf3 Bb4+ 7.Nc3 Qe7+ 8.
Ne5 O-O 9.O-O Be6 10.Bg5 Bxc4 11.Nxc4 Bxc3 12.bxc3 Qe6 13.Bxf6 Qxf6 14.Ne5
Rd8 15.Qb3 b6 16.Qc4 c5 17.Rfe1 cxd4 18.cxd4 Nd7 19.Nc6 Re8 20.Qd5 Nf8 21.
h3 h6 22.Rxe8 Rxe8 23.Nxa7 Re2 24.Rf1 Ne6 25.Nc6 Nf4 26.Qd8+ Qxd8 27.Nxd8 
Rxa2 28.Kh2 Rd2 29.Nc6 g5 30.Ne7+ Kh7 31.Nf5 Ne6 32.Nd6 Rxd4 33.Nxf7 b5 
34.Re1 Nf4 35.g3 Nd3 36.Re7 Kg6 37.Ne5+ Kf6 38.Nf3 Kxe7 39.Nxd4 b4 40.f4 
gxf4 41.gxf4 Kf6 42.Kg3 Nc5 43.Kg4 b3 44.Nb5 b2 45.Na3 Ne4 46.Kh5 Kg7 47.
Nb1 Nf6+ 48.Kh4 Kg6 49.Kg3 Kf5 50.Kf3 Nd5 51.Ke2 Kxf4 52.Kd2 Kg3 53.Kc2 
Kxh3 54.Kxb2 h5 55.Nd2 Kg4 56.Kc2 h4 57.Ne4 Kf4 58.Nf2 Kf3 59.Nh3 Nf4 60.
Ng5+ Ke2 61.Kc3 Ke3 62.Kc2 Ne6 63.Nh3 Kf3 64.Ng1+ Kf2 65.Nh3+ Kg2 0-1

[Event "51st Saaremaa Cup"]
[Site "Kuressaare"]
[Date "2022.06.06"]
[Round "1"]
[White "Chukavin, Kirill"]
[Black "Sirp, Karl Aleksander"]
[Result "1-0"]
[WhiteElo "2417"]
[BlackElo "1957"]
[EventDate "2022.06.06"]

1.e4 e5 2.Nf3 Nc6 3.Nc3 Nf6 4.Be2 d5 5.exd5 Nxd5 6.O-O Nxc3 7.bxc3 Bd6 8.
d4 O-O 9.Re1 e4 10.Ng5 Bf5 11.Bg4 Bg6 12.Bh5 Re8 13.Bxg6 hxg6 14.g3 f5 15.
Qe2 Qd7 16.Qc4+ Kh8 17.Qf1 Kg8 18.Qh3 Ne7 19.Rxe4 Kf8 20.d5 Qb5 21.Qh7 Ng8
22.Qxg6 1-0

[Event "51st Saaremaa Cup"]
[Site "Kuressaare"]
[Date "2022.06.06"]
[Round "1"]
[White "Aura, Kristian"]
[Black "Seeman, Tarvo"]
[Result "0-1"]
[WhiteElo "1915"]
[BlackElo "2411"]
[EventDate "2022.06.06"]

1.d4 Nf6 2.Nf3 g6 3.c4 Bg7 4.Nc3 O-O 5.e4 d6 6.h3 e5 7.d5 a5 8.Bg5 Na6 9.
Be2 Qe8 10.g4 Nd7 11.Rg1 Ndc5 12.Nd2 Kh8 13.a3 a4 14.Qc2 f5 15.f3 Bf6 16.
Bxf6+ Rxf6 17.g5 Rf8 18.h4 fxe4 19.fxe4 Rf4 20.Rh1 Bg4 21.Bxg4 Rxg4 22.
O-O-O Rg2 23.Kb1 Qd7 24.Rhg1 Rf2 25.Rdf1 Raf8 26.Qd1 Qh3 27.Rxf2 Rxf2 28.
Nf1 Qxh4 0-1

[Event "51st Saaremaa Cup"]
[Site "Kuressaare"]
[Date "2022.06.06"]
[Round "1"]
[White "Kiik, Kalle"]
[Black "Obolonin, Filipp"]
[Result "0-1"]
[WhiteElo "2381"]
[BlackElo "1894"]
[EventDate "2022.06.06"]

1.c4 e6 2.Nf3 Nf6 3.b3 d5 4.e3 Be7 5.Bb2 Nbd7 6.d4 O-O 7.Nc3 dxc4 8.bxc4 
c5 9.Bd3 cxd4 10.exd4 b6 11.O-O Bb7 12.Re1 Re8 13.Qe2 Rc8 14.a3 Qc7 15.
Rad1 Rcd8 16.h3 h6 17.Rd2 Qb8 18.Qe3 Bd6 19.Ne5 Nxe5 20.dxe5 Bc5 21.Qe2 
Nd7 22.Nb5 Re7 23.Red1 Bc6 24.Be4 Bxe4 25.Qxe4 a6 26.Nd6 Nf8 27.h4 Red7 
28.h5 f5 29.Qf4 Qc7 30.Kh2 Qc6 31.g4 Nh7 32.gxf5 Ng5 33.Rd3 exf5 34.Rd5 
Rf8 35.Rg1 Re7 36.Rxg5 hxg5 37.Qxg5 Qd7 38.Ne4 fxe4 39.Rxd7 Rxf2+ 40.Kh3 
Rxd7 41.Qc1 Rd3+ 42.Kg4 Rdf3 43.Qh1 Rf1 0-1

[Event "51st Saaremaa Cup"]
[Site "Kuressaare"]
[Date "2022.06.06"]
[Round "1"]
[White "Hansson, Markus"]
[Black "Sinitsina, Anastassia"]
[Result "0-1"]
[WhiteElo "1724"]
[BlackElo "2203"]
[EventDate "2022.06.06"]

1.e4 e5 2.Nf3 Nc6 3.Bc4 Bc5 4.b4 Bxb4 5.c3 Ba5 6.d4 Bb6 7.O-O d6 8.a4 Bg4 
9.Qb3 Qd7 10.a5 Nxa5 11.Rxa5 Bxa5 12.Qxb7 Rc8 13.Bxf7+ Qxf7 14.Qb5+ c6 15.
Qxa5 Bxf3 16.gxf3 Ne7 17.dxe5 dxe5 18.Qxe5 O-O 19.Nd2 Ng6 20.Qd4 Rcd8 21.
Qc4 Ne5 22.Qxf7+ Rxf7 23.Nb3 Rxf3 24.Be3 Nc4 25.Bd4 Nd6 26.Kg2 Rf7 27.Na5 
Rc8 28.Re1 Re7 29.e5 c5 30.Rd1 Nf5 31.Be3 Nxe3+ 32.fxe3 Rxe5 33.Rd7 c4 34.
Nb7 Rxe3 35.Nd6 Rd3 0-1

[Event "51st Saaremaa Cup"]
[Site "Kuressaare"]
[Date "2022.06.06"]
[Round "1"]
[White "Aura, Daniel"]
[Black "Haavamae, Henrik"]
[Result "0-1"]
[WhiteElo "1545"]
[BlackElo "2138"]
[EventDate "2022.06.06"]

1.e4 c5 2.Nf3 e6 3.g3 d5 4.exd5 exd5 5.d4 Nf6 6.Bg2 Be7 7.dxc5 Bxc5 8.O-O 
O-O 9.a3 a5 10.Nbd2 Nc6 11.Nb3 Bb6 12.Nbd4 Bg4 13.Be3 Ne5 14.Re1 Re8 15.b3
Bxd4 16.Bxd4 Nxf3+ 17.Bxf3 Rxe1+ 18.Qxe1 Bxf3 19.Qc3 Be4 20.f3 Rc8 21.Qe3 
Bxc2 22.Bb6 Qe8 23.Qg5 Bxb3 24.Bxa5 Qa4 25.Bb4 Qa7+ 26.Kh1 Qf2 0-1

[Event "51st Saaremaa Cup"]
[Site "Kuressaare"]
[Date "2022.06.06"]
[Round "1"]
[White "Medar, Marti"]
[Black "Oja, Maximus"]
[Result "1-0"]
[WhiteElo "2063"]
[BlackElo "1484"]
[EventDate "2022.06.06"]

1.d4 d5 2.Bf4 c5 3.dxc5 Nc6 4.Nf3 f6 5.e3 e5 6.Bg3 Bxc5 7.a3 Nge7 8.c4 
dxc4 9.Qc2 Be6 10.Bxc4 Bxc4 11.Qxc4 Qd5 12.Qc2 Bb6 13.Nc3 Qe6 14.O-O O-O 
15.Na4 Na5 16.Nxb6 Qxb6 17.b4 Nac6 18.Qb3+ Kh8 19.Rfd1 Rad8 20.Nd2 Nf5 21.
Ne4 Nce7 22.Nc5 Rxd1+ 23.Rxd1 Rd8 24.Re1 Qc6 25.f3 Nxg3 26.hxg3 b6 27.Ne4 
Qd5 28.Qxd5 Rxd5 29.Rc1 Rd7 30.Kf2 Kg8 31.Ke2 Kf8 32.f4 exf4 33.gxf4 Ke8 
34.g4 Kd8 35.g5 fxg5 36.Nxg5 Nd5 37.Ne6+ Ke8 38.Rc8+ Kf7 39.Ng5+ Kg6 40.
Rc6+ Kh5 41.Kf3 h6 42.Ne4 Rf7 43.Ng3+ Kh4 44.Rc1 1-0

[Event "51st Saaremaa Cup"]
[Site "Kuressaare"]
[Date "2022.06.06"]
[Round "2"]
[White "Haavamae, Henrik"]
[Black "Volodin, Aleksandr"]
[Result "0-1"]
[WhiteElo "2138"]
[BlackElo "2459"]
[EventDate "2022.06.06"]

1.e4 c5 2.Nf3 d6 3.d4 cxd4 4.Nxd4 Nf6 5.Nc3 a6 6.Bg5 e6 7.f4 Be7 8.Qf3 
Nbd7 9.O-O-O Qc7 10.g4 h6 11.Bxf6 Bxf6 12.h4 Qb6 13.Nde2 Nf8 14.Rh3 Bd7 
15.g5 Be7 16.Kb1 Rc8 17.Nd4 Ng6 18.f5 Ne5 19.Qe3 Qc5 20.g6 fxg6 21.fxe6 
Bc6 22.h5 Bg5 23.Qg3 O-O 24.Be2 Rf4 25.hxg6 Bxe4 26.e7 Nxg6 27.Ne6 Bxc2+ 
28.Kxc2 Qf5+ 29.Bd3 Qxe6 30.Re1 Ne5 0-1

[Event "51st Saaremaa Cup"]
[Site "Kuressaare"]
[Date "2022.06.06"]
[Round "2"]
[White "Kanep, Meelis"]
[Black "Wartiovaara, Oliver"]
[Result "1/2-1/2"]
[WhiteElo "2424"]
[BlackElo "2158"]
[EventDate "2022.06.06"]

1. d4 Nf6 2. Bg5 Ne4 3. h4 d5 4. Nd2 Bf5 5. Nxe4 Bxe4 6. f3 h6 7. Bf4 Bh7 
8. e3 e6 9. Bd3 Bxd3 10. Qxd3 c5 11. Ne2 Nc6 12. c3 Rc8 13. g4 Bd6 14. 
Bxd6 Qxd6 15. f4 cxd4 16. exd4 h5 17. gxh5 Rxh5 18. O-O-O Ne7 19. Qf3 g6 
20. Ng3 Rh6 21. h5 gxh5 22. Rxh5 Rxh5 23. Nxh5 Nf5 24. Ng3 Nxg3 25. Qxg3 
Kd7 26. Rh1 Kc6 27. Rh7 Rc7 28. Kc2 b5 29. a3 a5 30. Rh8 b4 31. axb4 axb4 
32. Ra8 Kb6 33. Qg8 Rb7 34. Qc8 bxc3 35. bxc3 Qc7 36. Qf8 Qe7 37. Qc8 Qc7 
38. Qf8 Qe7 39. Qh8 Ra7 40. Rb8+ Rb7 41. Ra8 Ra7 42. Qb8+ Rb7 43. Qh8 1/2-1/2

[Event "51st Saaremaa Cup"]
[Site "Kuressaare"]
[Date "2022.06.06"]
[Round "2"]
[White "Obolonin, Filipp"]
[Black "Chukavin, Kirill"]
[Result "1/2-1/2"]
[WhiteElo "1894"]
[BlackElo "2417"]
[EventDate "2022.06.06"]

1.d4 Nf6 2.c4 e6 3.Nf3 d5 4.Nc3 c6 5.e3 Nbd7 6.Bd3 dxc4 7.Bxc4 b5 8.Be2 
Bb7 9.O-O a6 10.a3 c5 11.dxc5 Nxc5 12.b4 Nce4 13.Nxe4 Bxe4 14.Bb2 Qb6 15.
Nd2 Rd8 16.Bd4 Qb7 17.Nxe4 Nxe4 18.Bf3 Bd6 1/2-1/2

[Event "51st Saaremaa Cup"]
[Site "Kuressaare"]
[Date "2022.06.06"]
[Round "2"]
[White "Seeman, Tarvo"]
[Black "Medar, Marti"]
[Result "1-0"]
[WhiteElo "1484"]
[BlackElo "1915"]
[EventDate "2022.06.06"]

1.g3 f5 2.d4 Nf6 3.Bg2 e6 4.Nf3 g6 5.c4 d6 6.Nc3 Bg7 7.O-O O-O 8.Qb3 Qe7 
9.Bg5 Nbd7 10.e4 h6 11.Bxf6 Bxf6 12.exf5 gxf5 13.Rae1 Qf7 14.Nb5 Nb8 15.
Re2 a6 16.Nc3 Nd7 17.Rfe1 Re8 18.Nd5 Bd8 19.Nf4 Nf8 20.c5 Rb8 21.a4 Bd7 
22.h4 b5 23.Qc2 Ng6 24.Nxg6 Qxg6 25.c6 Bc8 26.a5 Bf6 27.b4 Qg7 28.Qd3 Kh8 
29.Qc3 Rg8 30.Qd2 Kh7 31.Qd3 Kh8 32.Qd2 Kh7 33.Kh1 Qg4 34.Qd3 Kh8 35.Qe3 
Kh7 36.Qd2 Rg7 37.Kh2 Qh5 38.Qd3 Kh8 39.Bh3 Rf7 40.Qe3 Qg6 41.Qf4 Bg7 42.
Re3 Rf6 43.d5 e5 44.Nxe5 dxe5 45.Rxe5 Bf8 46.Re8 Rf7 47.R1e6 Bxe6 48.Rxb8 
Bxd5 49.Qe5+ Qf6 50.Qxd5 f4 51.Rd8 fxg3+ 52.fxg3 Kg7 53.Rd7 Be7 54.Rxc7 
Qb2+ 55.Bg2 Qxb4 56.Rd7 Qc3 57.c7 b4 58.Qd4+ Qxd4 59.Rxd4 1-0

[Event "51st Saaremaa Cup"]
[Site "Kuressaare"]
[Date "2022.06.06"]
[Round "2"]
[White "Mendoza, Jonathan"]
[Black "Kiik, Kalle"]
[Result "1/2-1/2"]
[WhiteElo "1785"]
[BlackElo "2381"]
[EventDate "2022.06.06"]

1.d4 d6 2.c4 e5 3.dxe5 dxe5 4.Qxd8+ Kxd8 5.Nc3 Be6 6.e4 f6 7.Be3 Nd7 8.
O-O-O c6 9.f4 exf4 10.Bxf4 Ne7 11.Nf3 Ng6 12.Bg3 Bc5 13.Nd4 Bxd4 14.Rxd4 
Ke8 15.Be2 Nge5 16.Rhd1 Ke7 17.b3 Rhd8 18.h3 b6 19.R4d2 Rac8 20.Bf3 h6 21.
Be2 g6 22.Kb2 h5 23.Bf2 Rh8 24.Bf1 h4 25.Ne2 g5 26.Nd4 Nc5 27.Nf5+ Bxf5 
28.Bxc5+ bxc5 29.exf5 g4 30.hxg4 Rcd8 31.Rxd8 Rxd8 32.Rxd8 Kxd8 33.Be2 Ke7
34.Kc3 a5 35.Kd2 Kd6 36.Ke3 Nf7 37.Kf4 Ng5 38.Bf3 Nf7 39.Bd1 Ng5 40.Be2 
Kc7 41.Bf1 Kd6 42.Bd3 Kc7 43.Be4 Kd6 44.Bf3 Kc7 45.Ke3 Kd6 46.Kf2 Kc7 47.
Ke3 Kd6 48.Kf2 Kc7 49.Ke3 Kd6 50.Be2 Ke5 51.Bd3 Kd6 52.Be4 Kc7 1/2-1/2

[Event "51st Saaremaa Cup"]
[Site "Kuressaare"]
[Date "2022.06.06"]
[Round "2"]
[White "Rychagov, Nikita"]
[Black "Hansson, Markus"]
[Result "1-0"]
[WhiteElo "2058"]
[BlackElo "1724"]
[EventDate "2022.06.06"]

1.e4 e6 2.d4 d5 3.e5 c5 4.c3 Nc6 5.Nf3 Qb6 6.Be2 cxd4 7.cxd4 Nh6 8.Bxh6 
Qxb2 9.Nbd2 gxh6 10.O-O Bd7 11.Nb3 Be7 12.Ne1 Nb4 13.Nd3 Nxd3 14.Bxd3 Qa3 
15.Qd2 Bb4 16.Qxh6 Bc3 17.Qf6 Rf8 18.Rac1 Bxd4 19.Rc2 Bb6 20.Rfc1 a5 21.
Bxh7 a4 22.Nd2 Bd8 23.Qg7 Ra6 24.Nf3 Rc6 25.h4 Qb4 26.h5 Rc4 27.Rxc4 dxc4 
28.h6 Bc6 29.Rd1 Bxf3 30.gxf3 Qe7 31.Bc2 Qg5+ 32.Kf1 Qxg7 33.Bxa4+ 1-0

Event "51st Saaremaa Cup"]
[Site "Kuressaare"]
[Date "2022.06.06"]
[Round "2"]
[White "Burkova, Milde"]
[Black "Sadekov, Maksim"]
[Result "0-1"]
[WhiteElo "1647"]
[BlackElo "1993"]
[EventDate "2022.06.06"]

1.d4 e6 2.e4 d5 3.e5 c5 4.Bb5+ Nc6 5.Bxc6+ bxc6 6.Nf3 Ba6 7.c3 Qb6 8.b3 
cxd4 9.Nxd4 Ne7 10.f4 c5 11.Ne2 c4 12.b4 Nf5 13.a3 Be7 14.g4 Bh4+ 15.Ng3 
Nxg3 16.hxg3 Bxg3+ 0-1

[Event "51st Saaremaa Cup"]
[Site "Kuressaare"]
[Date "2022.06.06"]
[Round "2"]
[White "Sirp, Karl Aleksander"]
[Black "Aura, Daniel"]
[Result "1-0"]
[WhiteElo "1957"]
[BlackElo "1545"]
[EventDate "2022.06.06"]

1.d4 Nf6 2.Nf3 g6 3.Bf4 Bg7 4.e3 d5 5.c4 O-O 6.Nc3 c6 7.cxd5 Nxd5 8.Nxd5 
cxd5 9.Be2 Nc6 10.Qb3 Qa5+ 11.Qc3 Qxc3+ 12.bxc3 Bf5 13.O-O Rac8 14.Nd2 Na5
15.g4 Bd7 16.Rfc1 Rfd8 17.Rab1 a6 18.Nb3 Nxb3 19.axb3 b5 20.h3 Be6 21.Kf1 
Rc6 22.Ke1 Rdc8 23.Kd2 f6 24.Bf3 Rd8 25.e4 dxe4 26.Bxe4 Bd5 27.Bxd5+ Rxd5 
28.Be3 Rd8 29.c4 bxc4 30.bxc4 e6 31.f4 Bh6 32.Kd3 Rd7 33.Rb8+ Bf8 34.f5 
Kf7 35.fxe6+ Rxe6 36.Rcb1 Red6 37.d5 f5 38.Bf4 Rf6 39.Be5 Bd6 40.Bxf6 Bxb8
41.g5 Ba7 42.Ra1 Rd6 43.Re1 Rd7 44.Re6 Rb7 45.Rxa6 Bc5 46.Rc6 Be7 47.Re6 
Bxf6 48.Rxf6+ Ke8 49.Kc3 Rb1 50.c5 Rh1 51.c6 Rxh3+ 52.Kd4 Rh1 53.Kc5 h5 
54.gxh6 Rxh6 55.Kd6 Rh1 56.Rxg6 Rc1 57.Kc7 f4 58.d6 Rd1 59.Rf6 Ra1 60.d7+ 1-0

[Event "51st Saaremaa Cup"]
[Site "Kuressaare"]
[Date "2022.06.06"]
[Round "2"]
[White "Oja, Maximus"]
[Black "Aura, Kristian"]
[Result "1/2-1/2"]
[WhiteElo "1484"]
[BlackElo "1915"]
[EventDate "2022.06.06"]

1.e4 d5 2.exd5 Qxd5 3.Nc3 Qd8 4.Nf3 Bf5 5.d4 e6 6.Bf4 c6 7.Bd3 Bxd3 8.Qxd3
Nd7 9.O-O Ngf6 10.Rad1 Be7 11.Rfe1 O-O 12.h3 Qa5 13.a3 Nd5 14.Nxd5 cxd5 
15.Ng5 Nf6 16.Be5 g6 17.Qe3 Rac8 18.Re2 b5 19.Qd2 Qxd2 20.Rexd2 h6 21.Bxf6
Bxf6 22.Nf3 Rc4 23.Ne5 Bxe5 24.dxe5 Re4 25.Rd4 Rxe5 26.Kf1 Rc8 27.c3 Rc4 
28.f3 Kf8 29.Kf2 Ke7 30.R1d3 Rf5 31.b3 Rxd4 32.Rxd4 g5 33.Rb4 a6 34.g3 e5 
35.Ke3 Kd6 36.a4 Kc6 37.h4 Kc5 38.Rg4 d4+ 39.cxd4+ exd4+ 40.Ke4 Rd5 41.Kd3
b4 42.Re4 Rf5 1/2-1/2

[Event "51st Saaremaa Cup"]
[Site "Kuressaare"]
[Date "2022.06.06"]
[Round "3"]
[White "Volodin, Aleksandr"]
[Black "Seeman, Tarvo"]
[Result "1-0"]
[WhiteElo "2459"]
[BlackElo "2411"]
[EventDate "2022.06.06"]

1.d4 Nf6 2.c4 g6 3.g3 Bg7 4.Bg2 O-O 5.Nf3 c5 6.d5 e6 7.Nc3 exd5 8.cxd5 d6 
9.O-O Nbd7 10.a4 Qe7 11.Qc2 Re8 12.Nd2 Nh5 13.e3 f5 14.b3 Ne5 15.Bb2 b6 
16.Nc4 Ba6 17.Nb5 Nxc4 18.bxc4 Nf6 19.Ra3 Rac8 20.Rfa1 Bxb5 21.axb5 Rc7 
22.Bxf6 Bxf6 23.R1a2 Qg7 24.h4 Rf7 25.Bh3 Kh8 26.Kh2 Ree7 27.Rb3 Qh6 28.
Kg2 Re4 29.Rba3 Ree7 30.f4 Qg7 31.Kh2 Qh6 32.Qf2 Rg7 33.Qf3 Rgf7 34.Kg1 
Qg7 35.Kh2 Qh6 36.Ra4 Qg7 37.Bg2 Qh6 38.Bh3 Qg7 39.R4a3 Qh6 40.Kg2 Rg7 41.
Kg1 Rgf7 42.Bg2 Qg7 43.Qd1 Rf8 44.Kh2 Rff7 45.Re2 Qh6 46.e4 fxe4 47.Bh3 
Bxh4 48.gxh4 Qxf4+ 49.Rg3 Qxh4 50.Qe1 Rf4 51.Qa1+ Re5 52.Qc3 Kg7 53.Kg2 h5
54.Qa3 Rg5 55.Re3 Rf3 56.Qc3+ Kh7 57.Rxf3 exf3+ 58.Qxf3 Rxg3+ 59.Qxg3 
Qxg3+ 60.Kxg3 Kg7 61.Kf4 Kf6 62.Bf1 g5+ 63.Ke4 Kg6 64.Be2 g4 65.Kf4 Kf6 
66.Bd3 Kf7 67.Kg5 g3 68.Bf1 1-0

[Event "51st Saaremaa Cup"]
[Site "Kuressaare"]
[Date "2022.06.07"]
[Round "3"]
[White "Chukavin, Kirill"]
[Black "Sinitsina, Anastassia"]
[Result "1-0"]
[WhiteElo "2417"]
[BlackElo "2203"]
[EventDate "2022.06.07"]

1.e4 e5 2.Nf3 Nc6 3.Bb5 a6 4.Ba4 Nf6 5.O-O Nxe4 6.d4 b5 7.Bb3 d5 8.dxe5 
Be6 9.Nbd2 Nc5 10.c3 Be7 11.Bc2 d4 12.Ne4 d3 13.Nxc5 dxc2 14.Qxd8+ Rxd8 
15.Nxe6 fxe6 16.Be3 Rd5 17.Rfc1 Nxe5 18.Nxe5 Rxe5 19.Bd4 Rg5 20.Rxc2 Bd6 
21.h4 Rg4 22.g3 Kd7 23.Kg2 Rf8 24.Re1 Rf5 25.Rce2 h5 26.Be3 Be7 27.Rd1+ 
Kc8 28.Rd4 Rg6 29.Re4 Kd7 30.b3 e5 31.Bd4 Bxh4 32.Rxe5 Rxe5 33.Rxe5 Bg5 
34.Kh3 b4 35.c4 Bf6 36.Rd5+ Ke8 37.Bc5 Rg5 38.Rxg5 Bxg5 39.Bxb4 Bf6 40.Kg2
Kd7 41.Kf3 Ke6 42.Ke4 g6 43.Bc5 h4 44.gxh4 Bxh4 45.b4 c6 46.a4 Bf6 47.f3 
Kd7 48.b5 cxb5 49.cxb5 axb5 50.axb5 Bc3 51.Kd5 Bd2 52.b6 Ba5 53.Bd4 g5 54.
Bc5 Bd2 55.Bd6 1-0

[Event "51st Saaremaa Cup"]
[Site "Kuressaare"]
[Date "2022.06.07"]
[Round "3"]
[White "Wartiovaara, Oliver"]
[Black "Obolonin, Filipp"]
[Result "1-0"]
[WhiteElo "2158"]
[BlackElo "1894"]
[EventDate "2022.06.07"]

1.e4 e6 2.d4 d5 3.Nc3 Nf6 4.e5 Nfd7 5.f4 c5 6.Nf3 Nc6 7.Be3 cxd4 8.Nxd4 
Nxd4 9.Bxd4 Be7 10.Qd2 O-O 11.O-O-O f6 12.exf6 Bxf6 13.Bxf6 Qxf6 14.g3 a6 
15.h4 Rb8 16.Bh3 Rf7 17.Rhe1 Nf8 18.h5 g6 19.h6 b5 20.Re5 b4 21.Ne2 a5 22.
Nd4 Rb6 23.Rde1 a4 24.Qe3 a3 25.bxa3 bxa3 26.Qc3 Bd7 27.Qxa3 g5 28.Qc5 Rb8
29.fxg5 Qf2 30.Bxe6 Nxe6 31.Nxe6 Qxg3 32.g6 hxg6 33.Ng5 Rc8 34.Qd4 Qa3+ 
35.Qb2 Rxc2+ 36.Kxc2 Rf2+ 37.R1e2 Bf5+ 38.Kc1 Rf1+ 39.Re1 Qc5+ 40.Kd1 Bg4+
41.Kd2 Qf2+ 42.Kc3 Qc5+ 43.Kd2 Qf2+ 44.R5e2 Qf4+ 45.Kc2 Bf5+ 46.Ne4 Bxe4+ 
47.Rxe4 Rf2+ 48.R4e2 Rxe2+ 49.Rxe2 Qf5+ 50.Kd2 Qf4+ 51.Kd1 Qf1+ 52.Re1 1-0

[Event "51st Saaremaa Cup"]
[Site "Kuressaare"]
[Date "2022.06.07"]
[Round "3"]
[White "Medar, Marti"]
[Black "Kanep, Meelis"]
[Result "1/2-1/2"]
[WhiteElo "2063"]
[BlackElo "2424"]
[EventDate "2022.06.07"]

1.Nf3 c5 2.e3 Nf6 3.c4 g6 4.b3 Bg7 5.Bb2 O-O 6.Be2 Nc6 7.O-O d5 8.cxd5 
Qxd5 9.Nc3 Qd8 10.Rc1 Bd7 11.Na4 b6 1/2-1/2

[Event "51st Saaremaa Cup"]
[Site "Kuressaare"]
[Date "2022.06.07"]
[Round "3"]
[White "Sadekov, Maksim"]
[Black "Haavamae, Henrik"]
[Result "1-0"]
[WhiteElo "1993"]
[BlackElo "2138"]
[EventDate "2022.06.07"]

1.d4 Nf6 2.c4 e6 3.Nf3 d5 4.Nc3 c6 5.cxd5 exd5 6.Bg5 Be7 7.Qc2 O-O 8.e3 
Ne4 9.Bxe7 Qxe7 10.Bd3 Re8 11.O-O Bf5 12.Rab1 a5 13.a3 Nxc3 14.Qxc3 Bxd3 
15.Qxd3 a4 16.Rfe1 Nd7 17.Nd2 b5 18.Rbc1 Rac8 19.e4 dxe4 20.Rxe4 Qd6 21.
Rce1 Red8 22.Rh4 Nf8 23.h3 Qf6 24.Nf3 Rd5 25.Qe3 Ne6 26.Re4 g6 27.Ne5 Rd6 
28.Ng4 Qg7 29.f4 Re8 30.f5 1-0

[Event "51st Saaremaa Cup"]
[Site "Kuressaare"]
[Date "2022.06.07"]
[Round "3"]
[White "Kiik, Kalle"]
[Black "Sirp, Karl Aleksander"]
[Result "1-0"]
[WhiteElo "2381"]
[BlackElo "1957"]
[EventDate "2022.06.07"]

1.Nf3 Nf6 2.g3 d5 3.Bg2 c6 4.O-O e6 5.d3 Be7 6.Nbd2 O-O 7.e4 Nbd7 8.Re1 
dxe4 9.dxe4 e5 10.b3 Qc7 11.Bb2 b5 12.Nf1 Rd8 13.Qe2 a5 14.Ne3 Ba6 15.Nd2 
Bc5 16.Rad1 Nf8 17.Bh3 Ng6 18.Qf3 Bd4 19.c3 Bc5 20.Nf5 Rd7 21.Nh6+ gxh6 
22.Qxf6 Rd6 23.Qf3 Qe7 24.Nf1 Rad8 25.Rxd6 Qxd6 26.Ne3 Bxe3 27.Qxe3 Qd2 
28.Bc1 Qxe3 29.Bxe3 Kg7 30.Bg4 a4 31.Be2 axb3 32.axb3 Bc8 33.Ra1 Be6 34.b4
Nf8 35.Kf1 Nd7 36.Ra6 Rc8 37.Ra7 Nf6 38.f3 Nd7 39.Ke1 Nf6 40.Bd3 Bb3 41.
Ke2 Ne8 42.Bc5 Rd8 43.Ra6 Rc8 44.Ke3 Nf6 45.Bd6 Nd7 46.Ra7 Be6 47.f4 exf4+
48.gxf4 Nb6 49.Be5+ Kf8 50.Bd4 Nc4+ 51.Kf3 Nd2+ 52.Ke2 Nb3 53.Ke3 Nxd4 54.
cxd4 Re8 55.e5 Re7 56.Ra6 Rc7 57.Be4 Bd5 58.Bxh7 Ke7 59.Be4 Ke6 60.f5+ Ke7
61.Kf4 h5 62.f6+ Ke8 63.Bf5 Be6 64.Ra8+ Kd7 65.Rf8 1-0

[Event "51st Saaremaa Cup"]
[Site "Kuressaare"]
[Date "2022.06.07"]
[Round "3"]
[White "Aura, Kristian"]
[Black "Mendoza, Jonathan"]
[Result "1-0"]
[WhiteElo "1915"]
[BlackElo "1785"]
[EventDate "2022.06.07"]

1.d4 Nf6 2.Nf3 g6 3.c4 Bg7 4.Nc3 O-O 5.e4 d6 6.h3 e5 7.d5 a5 8.Bg5 Na6 9.
Be2 Nc5 10.Nd2 Bd7 11.g4 c6 12.h4 Qb6 13.b3 Qb4 14.Qc2 a4 15.O-O axb3 16.
axb3 Nxg4 17.Be7 Rfe8 18.Bxd6 Qb6 19.b4 Rxa1 20.Rxa1 Nb3 21.Bxg4 Nxa1 22.
Qd1 Bxg4 23.Qxg4 Qd4 24.Qd7 Rf8 25.Bxf8 Bxf8 26.dxc6 bxc6 27.Qxd4 exd4 28.
Na2 Nc2 29.b5 cxb5 30.cxb5 Bd6 31.Nc4 Bb8 32.Kf1 d3 33.b6 Kf8 34.Nc1 Nb4 
35.Ke1 Ke7 36.Kd2 Bf4+ 37.Ne3 1-0

[Event "51st Saaremaa Cup"]
[Site "Kuressaare"]
[Date "2022.06.07"]
[Round "3"]
[White "Hansson, Markus"]
[Black "Oja, Maximus"]
[Result "1-0"]
[WhiteElo "1724"]
[BlackElo "1484"]
[EventDate "2022.06.07"]

1.e4 c5 2.Nc3 g6 3.g3 Bg7 4.Bg2 Nc6 5.d3 d6 6.f4 e6 7.Nf3 Nge7 8.O-O O-O 
9.Rb1 Rb8 10.Be3 Nd4 11.Ne2 b5 12.Nexd4 cxd4 13.Nxd4 a5 14.Kh1 Qc7 15.Qd2 
Bd7 16.Ne2 b4 17.c4 Bc6 18.Nd4 Bb7 19.Rbc1 Qd7 20.Rfd1 f5 21.Ne2 Rfd8 22.
Bb6 Rdc8 23.Bxa5 Nc6 24.Bb6 Ba8 25.Be3 Ne7 26.Ng1 d5 27.cxd5 exd5 28.Rxc8+
Nxc8 29.Ne2 dxe4 30.dxe4 Qxd2 31.Rxd2 Nb6 32.Bxb6 1-0

[Event "51st Saaremaa Cup"]
[Site "Kuressaare"]
[Date "2022.06.07"]
[Round "3"]
[White "Aura, Daniel"]
[Black "Burkova, Milde"]
[Result "1-0"]
[WhiteElo "1545"]
[BlackElo "1647"]
[EventDate "2022.06.07"]

1.e4 e5 2.Nf3 Nc6 3.Bb5 d6 4.d4 exd4 5.Nxd4 Bd7 6.O-O Nge7 7.Nc3 Ne5 8.f4 
Bxb5 9.Ndxb5 N5g6 10.Qe2 a6 11.Nd4 c5 12.Nf5 Qc7 13.Nd5 Qc6 14.Rd1 O-O-O 
15.Be3 Nxf5 16.exf5 Ne7 17.Nxe7+ Bxe7 18.Rab1 d5 19.c3 Bf6 20.Qf2 b6 21.b4
Be7 22.bxc5 Bxc5 23.Bd4 f6 24.Rb2 Kc7 25.Rdb1 Rb8 26.a4 Qxa4 27.Bxc5 bxc5 
28.Qxc5+ 1-0

[Event "51st Saaremaa Cup"]
[Site "Kuressaare"]
[Date "2022.06.07"]
[Round "4"]
[White "Wartiovaara, Oliver"]
[Black "Volodin, Aleksandr"]
[Result "1-0"]
[WhiteElo "2158"]
[BlackElo "2459"]
[EventDate "2022.06.07"]

1.d4 Nf6 2.c4 e6 3.g3 d5 4.Nf3 Bb4+ 5.Bd2 Be7 6.Bg2 c6 7.Qc2 Nbd7 8.O-O 
O-O 9.Rd1 a5 10.Bf4 Ne4 11.Nc3 g5 12.Bc1 f5 13.b3 Rf7 14.Ne5 Nxe5 15.dxe5 
Bc5 16.Bxe4 fxe4 17.Nxe4 Be7 18.Bb2 Rf5 19.Nf6+ Bxf6 20.exf6 Qb6 21.c5 Qc7
22.e4 Rf3 23.Kg2 g4 24.e5 Rf5 25.Rd4 h5 26.Rf4 Qh7 27.a4 Bd7 28.Rf1 Rxf4 
29.Qxh7+ Kxh7 30.gxf4 Kg6 31.f3 Kf5 32.fxg4+ hxg4 33.h3 gxh3+ 34.Kxh3 Rg8 
35.Bc3 Be8 36.Bxa5 d4 37.Be1 Bh5 38.b4 Bd1 39.a5 Bh5 40.Bd2 Ke4 41.Rf2 Bf3
42.Kh4 Bd1 43.b5 Kf5 44.a6 bxa6 45.bxa6 Bh5 46.Be1 Rh8 47.Ra2 Bf7+ 48.Kg3 
Rg8+ 49.Kf2 Ke4 50.a7 Ra8 51.Bd2 Kd5 52.Ra5 Ke4 53.Bc1 Kd3 54.Ke1 Bh5 55.
Bd2 Ke4 56.Ra6 Kd5 57.Ba5 Kxc5 58.Bc7 Kb5 59.Ra2 1-0

[Event "51st Saaremaa Cup"]
[Site "Kuressaare"]
[Date "2022.06.07"]
[Round "4"]
[White "Seeman, Tarvo"]
[Black "Rychagov, Nikita"]
[Result "1-0"]
[WhiteElo "2411"]
[BlackElo "2058"]
[EventDate "2022.06.07"]

1.c4 e6 2.Nf3 d5 3.g3 d4 4.Bg2 c5 5.e3 Nc6 6.exd4 cxd4 7.O-O Nf6 8.d3 Bd6 
9.Na3 O-O 10.Re1 e5 11.c5 Bc7 12.Nc4 Re8 13.Bg5 Bf5 14.a3 h6 15.Bxf6 Qxf6 
16.Qc2 Qg6 17.Rad1 e4 18.Nh4 exd3 19.Qd2 Qf6 20.Nxf5 Qxf5 21.b4 Rab8 22.
Kf1 a5 23.Rxe8+ Rxe8 24.Qxd3 Qxd3+ 25.Rxd3 axb4 26.Bxc6 bxc6 27.axb4 Rb8 
28.Rb3 f5 29.Ke2 Kf7 30.Kd3 Ke6 31.Kxd4 Rd8+ 32.Kc3 Rd1 33.Rb2 Be5+ 34.
Nxe5 Kxe5 35.Re2+ Kd5 36.Re7 Rc1+ 37.Kd3 Rd1+ 38.Ke2 Rb1 39.Rd7+ Ke4 40.
Re7+ Kd5 41.Rxg7 Rxb4 42.Rh7 Ke4 43.Rxh6 Rb2+ 44.Ke1 Rb1+ 45.Kd2 Rb2+ 46.
Kc3 Rxf2 47.Rxc6 Rxh2 48.Rg6 Kd5 49.c6 Rh1 50.Kd2 Rh7 51.Ke3 Ke5 52.Kd3 
Kd5 53.Ke3 Ke5 54.Kf3 Rc7 55.Rh6 Rg7 56.Rh1 Kd6 57.Rc1 Kc7 58.Rc5 Rg8 59.
Rxf5 Kxc6 60.Kf4 Kd6 61.g4 Ke7 62.g5 Rg7 63.Kg4 Rh7 64.Ra5 Kf8 65.Kf5 Rb7 
66.Kg6 Rb8 67.Kh7 Rb7+ 68.Kh8 Kf7 69.Ra6 Rb8+ 70.Kh7 Rb1 71.g6+ Ke7 72.g7 
Rh1+ 73.Rh6 1-0

[Event "51st Saaremaa Cup"]
[Site "Kuressaare"]
[Date "2022.06.07"]
[Round "4"]
[White "Sinitsina, Anastassia"]
[Black "Sadekov, Maksim"]
[Result "1-0"]
[WhiteElo "2203"]
[BlackElo "1993"]
[EventDate "2022.06.07"]

1.e4 e6 2.d3 d5 3.Nd2 Nf6 4.g3 c5 5.Bg2 Nc6 6.Ngf3 Be7 7.O-O O-O 8.Re1 Qc7
9.e5 Nd7 10.Qe2 b5 11.Nf1 a5 12.h4 Ba6 13.h5 Rfb8 14.N1h2 a4 15.Ng4 Qd8 
16.Bf4 b4 17.Qd2 c4 18.dxc4 Bxc4 19.h6 g6 20.Bg5 b3 21.axb3 axb3 22.c3 Ra2
23.Rab1 Bxg5 24.Nxg5 Bd3 25.Nxf7 Kxf7 26.Qxd3 Qg5 27.Bxd5 Qxg4 28.Bxc6 Nf8
29.Qd6 Rc8 30.Re4 Qg5 31.Rf4+ Kg8 32.Bd7 Rca8 33.Rxf8+ 1-0